00687nam a22001815i 450000100090000000300040000900500170001300800410003002000180007104000130008908200200010210000200012224501130014226000560025530000340031150400640034552000960040911546955OSt20240530110620.0150304s2014 ua a b 001 0 eng  a9789774166587 cEG-CaGPL04221a303.4\bK A1 aKorany, Bahgat.10aArab human development in the twenty-first century :bthe primacy of empowerment /cedited by Bahgat Korany. aCairo :bAmerican University in Cairo Press,c2014. axxi, 394 p. :bill. ;c24 cm. aIncludes bibliographical references (p. 353-378) and index. aHuman capital; Arab countries; social change; social and economic conditions; 21st century.